000 00736nam a2200229Ii 4500
003 JO-AjNU
008 230605s9999||||xx |||||||||||||| ||und||
017 _a2008/6/1738
020 _a978-9957-32-408-7
040 _aJO-AjNU
_bara
_erda
_cJO-AjNU
041 _aara
050 1 4 _aHF 5549 .5 .T7.H35 2009
100 3 _aالحميري،باسم,
_eauthor
_922264
245 0 0 _aالتدريب الفعال : منهجي وتطبيقي
250 _aط1
264 3 1 _aعمان: دار الحامد للنشر التوزيع،2009
300 _a124ص
336 _atext
_btxt
_2rdacontent
337 _aunmediated
_bn
_2rdamedia
338 _avolume
_bnc
_2rdacarrier
650 4 _aالتنمية الادارية-التدريب
_922265
999 _aA7873
_c11441
_d11441